000 00834nam a2200205Ii 4500
003 JO-AjNU
008 230605s9999||||xx |||||||||||||| ||und||
017 _a1994/10/1042
040 _aJO-AjNU
_bara
_erda
_cJO-AjNU
041 _aara
050 1 4 _aDS109.9.N32 1993
100 3 _aندوة يوم القدس الندوة الرابعة 2-5 1993,
_eauthor
_947767
245 0 0 _aيوم القدس: اثار القدس - من اجل جهد موحد لانقاذها / الندوة الرابعة
264 3 1 _aعمان: ندوة يوم القدس، 1993
300 _a277ص
_bصور توضيحية
336 _atext
_btxt
_2rdacontent
337 _aunmediated
_bn
_2rdamedia
338 _avolume
_bnc
_2rdacarrier
650 4 _aالنزاع العربي الاسرائيلي-مؤتمرات- القدس-تاريخ مؤتمرات
_947768
999 _aA20875
_c24443
_d24443